000 01257cad a22002415a 4500
001 L154000
008 111003s2011 xxkd f 000 0 eng d
035 _a(Sirsi) u154000
041 0 _aeng
050 0 4 _a338.4569 $2 18
110 2 _aFederation of Master Builders
_9465
245 0 0 _aFMB state of trade survey
_bthird quarter 2011
_h[electronic resource]
260 _aLondon
_bFMB
_c2011
490 0 _aFMB State of Trade Survey
_vThird Quarter 2011
520 _aThe report shows that although the rate of decline in SME workloads eased to its slowest rate for a year, construction workloads continued to decline in Q3 2011 and have now fallen in each of the 15 quarters commencing Q1 2008. The outlook for the remainder of the year remains pessimistic - although 24% of firms anticipate higher workloads, 35% expect workloads to fall during the final three months of the year.
521 2 _aAdvanced
590 _aKA
650 2 4 _aFEDERATION OF MASTER BUILDERS STATE OF TRADE SURVEY
651 4 _aUnited Kingdom
_y
690 _aBUILT ENVIRONMENT-CONSTRUCTION MARKET
856 4 0 _uhttps://www.fmb.org.uk/information-and-help/publications/state-of-trade-survey/?entryid24=242525
_zView the survey free of charge at www.fmb.org.uk
942 _n0
999 _c112804
_d112804